Análisis de recursos turísticos en el cantón de Santa Bárbara de la provincia de Heredia (Registro nro. 8545)
[ vista simple ]
| 000 -LEADER | |
|---|---|
| fixed length control field | 00770nmm a22002657a 4500 |
| 005 - DATE AND TIME OF LATEST TRANSACTION | |
| control field | 20170222192423.0 |
| 008 - FIXED-LENGTH DATA ELEMENTS--GENERAL INFORMATION | |
| fixed length control field | 161019b xxu||||| |||| 00| 0 spa d |
| 041 ## - LANGUAGE CODE | |
| Language code of text/sound track or separate title | spa |
| 082 ## - DEWEY DECIMAL CLASSIFICATION NUMBER | |
| Classification number | GT 38 |
| 100 ## - MAIN ENTRY--AUTHOR NAME | |
| Personal name | Alvarez Rodriguez, Kevin |
| 100 ## - MAIN ENTRY--AUTHOR NAME | |
| Personal name | Fallas Esquivel, Ivannia |
| 100 ## - MAIN ENTRY--AUTHOR NAME | |
| Personal name | Molina Castro, Esther |
| 100 ## - MAIN ENTRY--AUTHOR NAME | |
| Personal name | Murillo Masis, Rodrigo |
| 100 ## - MAIN ENTRY--AUTHOR NAME | |
| Personal name | Soto Ugalde, Kelly |
| 245 ## - TITLE STATEMENT | |
| Title | Análisis de recursos turísticos en el cantón de Santa Bárbara de la provincia de Heredia |
| 260 ## - PUBLICATION, DISTRIBUTION, ETC. (IMPRINT) | |
| Year of publication | 2015 |
| 300 ## - PHYSICAL DESCRIPTION | |
| Number of Pages | 51 páginas |
| 502 ## - DISSERTATION NOTE | |
| Dissertation note | |
| 650 ## - SUBJECT ADDED ENTRY--TOPICAL TERM | |
| Topical Term | HISTORIA |
| 650 ## - SUBJECT ADDED ENTRY--TOPICAL TERM | |
| Topical Term | HEREDIA |
| 650 ## - SUBJECT ADDED ENTRY--TOPICAL TERM | |
| Topical Term | ATRACTIVOS TURÍSTICOS |
| 650 ## - SUBJECT ADDED ENTRY--TOPICAL TERM | |
| Topical Term | DISTRITOS |
| 650 ## - SUBJECT ADDED ENTRY--TOPICAL TERM | |
| Topical Term | LÍMITES |
| 942 ## - ADDED ENTRY ELEMENTS (KOHA) | |
| Koha item type | Geografía Turística |
| Withdrawn status | Lost status | Damaged status | Not for loan | Home library | Current library | Date acquired | Precio de compra | Total Checkouts | Full call number | Accession Number | Date last seen | Date checked out | Price effective from | Koha item type |
|---|---|---|---|---|---|---|---|---|---|---|---|---|---|---|
| Departamento de Biblioteca y Documentación Alfonso Chase Brenes | Departamento de Biblioteca y Documentación Alfonso Chase Brenes | 20/10/2016 | 62720.00 | 1 | GT 38 | GT38 | 18/07/2017 | 24/01/2017 | 20/10/2016 | Geografía Turística |